00721nam a22002417a 4500003001100000005001700011008004100028040003900069041000800108082001600116100001600132110001700148245001500165260004700180300002400227490003200251650004700283650001500330700002100345942000700366952009100373999001500464LK-CoMWRAF20231018103527.0231018b1990 |||||||| |||| 00| 0 eng d aLK-CoMWRAFdLK-CoMWRAFeLK-CoMWRAF aeng a428.24bDUF aDuff, Alan  aMaley, Alan  aLiterature aOxford : bOxford University press, c1990 a167p. : ill. ; 25cm aResource books for teachers aLanguage and languages--Study and teaching aLiterature aMaley, Alaneed. cBK 00104070aMAINbMAINd2023-10-18l0o428.24 DUFpRAF2161r2023-10-18w2023-10-18yBK c3930d3930